[Event "Kolding SonFlow Cup-A"]
[Site "Kolding"]
[Date "2025.05.04"]
[Round "4"]
[White "Vinter Schou, Uffe"]
[Black "Olsen, Filip Boe"]
[Result "0-1"]
[WhiteElo "2297"]
[BlackElo "2471"]
[PlyCount "144"]
[EventDate "2025.05.02"]
[EventType "swiss"]
[EventRounds "5"]
[EventCountry "DEN"]
[SourceTitle "CB19_2025"]
[SourceDate "2025.05.07"]
[SourceVersion "1"]
[SourceVersionDate "2025.05.07"]
[SourceQuality "1"]

1. e4 c5 2. c3 Nf6 3. e5 Nd5 4. Nf3 d6 5. d4 cxd4 6. cxd4 Nc6 7. Bc4 Nb6 8. Bb5 Bd7 9. Nc3 e6 10. 0-0 Nb4 11. Bg5 Be7 12. Ne4 Nc8 13. Bxe7 Qxe7 14. exd6 Nxd6 15. Bxd7+ Qxd7 16. Ne5 Qc7 17. Rc1 Nc6 18. Qf3 Nxe4 19. Qxe4 0-0 20. Nxc6 bxc6 21. Rxc6 Qa5 22. a3 Rab8 23. Rc2 Rfd8 24. Rfc1 Qb6 25. b4 a5 26. Rc6 Qb7 27. bxa5 Rxd4 28. Qe5 h6 29. g3 Rbd8 30. Qe1 Qb3 31. Rc8 Rxc8 32. Rxc8+ Kh7 33. Rc1 Qd5 34. Qe3 Rd3 35. Qb6 Rxa3 36. a6 Qa5 37. Qb1+ f5 38. g4 Qa4 39. gxf5 Qg4+ 40. Kf1 Qh3+ 41. Kg1 exf5 42. Qb5 Qg4+ 43. Kf1 Ra4 44. Qd3 Qg6 45. Re1 Rxa6 46. Qg3 Qh5 47. Re5 Qd1+ 48. Re1 Qd5 49. f3 Qd3+ 50. Kf2 Qd4+ 51. Kf1 Qd3+ 52. Kf2 Qd2+ 53. Kf1 Ra2 54. Re7 Qd3+ 55. Kg1 Ra1+ 56. Re1 Qe3+ 57. Kf1 f4 58. Qf2 Rxe1+ 59. Qxe1 Qxf3+ 60. Kg1 Qe3+ 61. Qxe3 fxe3 62. Kf1 Kg6 63. Ke2 Kg5 64. Kxe3 Kg4 65. Kf2 Kh3 66. Kg1 h5 67. Kh1 h4 68. Kg1 g6 69. Kh1 g5 70. Kg1 g4 71. Kh1 g3 72. Kg1 g2 0-1

[Event "Kolding SonFlow Cup-A"]
[Site "Kolding"]
[Date "2025.05.03"]
[Round "2"]
[White "Vinter Schou, Uffe"]
[Black "Rasmussen, Allan Stig"]
[Result "0-1"]
[WhiteElo "2297"]
[BlackElo "2506"]
[PlyCount "60"]
[EventDate "2025.05.02"]
[EventType "swiss"]
[EventRounds "5"]
[EventCountry "DEN"]
[SourceTitle "CB19_2025"]
[SourceDate "2025.05.07"]
[SourceVersion "1"]
[SourceVersionDate "2025.05.07"]
[SourceQuality "1"]

1. e4 c6 2. d4 d5 3. exd5 cxd5 4. Bd3 Nc6 5. c3 Qc7 6. h3 e6 7. Nf3 Bd6 8. 0-0 Nge7 9. Re1 Bd7 10. a4 a6 11. b3 f6 12. c4 0-0 13. Nc3 Rad8 14. Bd2 Kh8 15. Rb1 Bb4 16. Qe2 Bc8 17. c5 e5 18. dxe5 fxe5 19. Nxe5 Bxc5 20. Qh5 Bxf2+ 21. Kh1 Nf5 22. Bf4 Nxe5 23. Rxe5 Qxc3 24. Bxf5 Rxf5 25. Re8+ Rf8 26. Be5 Qd3 27. Bxg7+ Kxg7 28. Qg5+ Qg6 29. Qe7+ Rf7 30. Qe5+ Kh6 0-1

[Event "Titled Tuesday intern op 28th Jan Early"]
[Site "Chess.com INT"]
[Date "2025.01.28"]
[Round "11"]
[White "Dudkina, Uliana"]
[Black "Vinter Schou, Uffe"]
[Result "1-0"]
[WhiteElo "2005"]
[BlackElo "2314"]
[PlyCount "47"]
[EventDate "2025.01.28"]
[EventType "swiss (blitz)"]
[EventRounds "11"]
[EventCountry "USA"]
[SourceTitle "CB06_2025"]
[SourceDate "2025.02.05"]
[SourceVersion "1"]
[SourceVersionDate "2025.02.05"]
[SourceQuality "1"]

1. e4 c5 2. Nf3 e6 3. d4 cxd4 4. Nxd4 a6 5. c4 Nf6 6. Nc3 Bb4 7. Qd3 Qc7 8. Nc2 Be7 9. g3 b6 10. Bg2 Bb7 11. 0-0 0-0 12. Be3 d6 13. Rfd1 Nbd7 14. b4 Rfd8 15. Rac1 Rac8 16. Na3 Ne5 17. Qd2 Nxc4 18. Nxc4 Qxc4 19. Nd5 exd5 20. Rxc4 dxc4 21. Bxb6 Rd7 22. Qc2 Ng4 23. Bd4 Ne5 24. Bxe5 1-0

[Event "DEN-chT 2425 62nd"]
[Site "Denmark"]
[Date "2025.01.26"]
[Round "6.5"]
[White "Easwaralingam, Adesh"]
[Black "Vinter Schou, Uffe"]
[Result "1/2-1/2"]
[WhiteElo "2202"]
[BlackElo "2289"]
[PlyCount "61"]
[EventDate "2024.11.02"]
[EventType "team-tourn"]
[EventRounds "9"]
[EventCountry "DEN"]
[SourceTitle "CB16_2025"]
[SourceDate "2025.04.16"]
[SourceVersion "1"]
[SourceVersionDate "2025.04.16"]
[SourceQuality "1"]
[WhiteTeam "Fredericia"]
[BlackTeam "Aarhus/Skolerne"]
[WhiteTeamCountry "DEN"]
[BlackTeamCountry "DEN"]

1. e4 c5 2. Nf3 e6 3. d4 cxd4 4. Nxd4 a6 5. Be2 Nf6 6. Nc3 Qc7 7. 0-0 Nc6 8. Be3 Be7 9. f4 d6 10. Qe1 0-0 11. Qg3 Bd7 12. Rad1 Kh8 13. Kh1 b5 14. a3 Rab8 15. Nxc6 Bxc6 16. Bd4 Qb7 17. e5 dxe5 18. Bxe5 Rbd8 19. Bf3 Rxd1 20. Nxd1 Rd8 21. Ne3 Bxf3 22. Rxf3 Qe4 23. h3 Ne8 24. f5 Bh4 25. Qf4 Qxf4 26. Bxf4 Bf6 27. fxe6 fxe6 28. Be5 Kg8 29. Ng4 Bxe5 30. Nxe5 Rd5 31. Nc6 1/2-1/2

[Event "Titled Tuesday intern op 14th Jan Early"]
[Site "Chess.com INT"]
[Date "2025.01.14"]
[Round "9"]
[White "Eilers, Stefan"]
[Black "Vinter Schou, Uffe"]
[Result "1/2-1/2"]
[WhiteElo "2280"]
[BlackElo "2314"]
[PlyCount "105"]
[EventDate "2025.01.14"]
[EventType "swiss (blitz)"]
[EventRounds "11"]
[EventCountry "USA"]
[SourceTitle "CB04_2025"]
[SourceDate "2025.01.22"]
[SourceVersion "1"]
[SourceVersionDate "2025.01.22"]
[SourceQuality "1"]

1. Nf3 g6 2. d4 Bg7 3. c3 c5 4. dxc5 Na6 5. Be3 Qc7 6. g3 Nxc5 7. Bg2 Nf6 8. 0-0 0-0 9. Na3 a6 10. h3 d6 11. Rc1 Be6 12. c4 h6 13. Nd4 Bd7 14. b4 Ne6 15. Nf3 Rac8 16. Qb3 Qb8 17. Rfd1 Rfd8 18. c5 dxc5 19. bxc5 Bc6 20. Nc4 Nd5 21. Nfe5 Bxe5 22. Bxh6 Bg7 23. Bd2 Nxc5 24. Qa3 Bb5 25. e4 Nf6 26. Nb6 Rc6 27. e5 Nfe4 28. Bf4 Rxb6 29. e6 Qa7 30. exf7+ Kxf7 31. Be3 Re6 32. Rxd8 Qb6 33. Rd5 Bc6 34. Bxc5 Nxc5 35. Rdxc5 Bb2 36. Qb3 Qxb3 37. axb3 Bxc1 38. Rxc1 Bxg2 39. Kxg2 Rb6 40. Rc3 Rb4 41. h4 b5 42. Kf3 a5 43. Ke3 a4 44. bxa4 bxa4 45. Rc5 Rb3+ 46. Kf4 Rb2 47. f3 Kf6 48. Ra5 Rb4+ 49. Ke3 Rb3+ 50. Kf4 Rb4+ 51. Ke3 Rb3+ 52. Ke4 Rb4+ 53. Ke3 1/2-1/2

[Event "Titled Tuesday intern op 14th Jan Early"]
[Site "Chess.com INT"]
[Date "2025.01.14"]
[Round "7"]
[White "Glidzhain, Gor Mikhailovich"]
[Black "Vinter Schou, Uffe"]
[Result "0-1"]
[WhiteElo "2204"]
[BlackElo "2314"]
[PlyCount "124"]
[EventDate "2025.01.14"]
[EventType "swiss (blitz)"]
[EventRounds "11"]
[EventCountry "USA"]
[SourceTitle "CB04_2025"]
[SourceDate "2025.01.22"]
[SourceVersion "1"]
[SourceVersionDate "2025.01.22"]
[SourceQuality "1"]

1. e4 g6 2. h4 d5 3. exd5 Qxd5 4. Nc3 Qe5+ 5. Be2 Bg4 6. d4 Qe6 7. Bf4 c6 8. Nf3 Bxf3 9. gxf3 Nf6 10. Qd2 Nbd7 11. 0-0-0 0-0-0 12. Rhe1 Nb6 13. Bh2 h5 14. Kb1 Bh6 15. Qd3 Nfd5 16. Bf1 Qd7 17. Ne4 Nf4 18. Qa3 Kb8 19. Ng5 Bxg5 20. hxg5 Qf5 21. Re5 Qxe5 22. c3 Qf5+ 23. Bd3 Qxg5 24. Be4 Ka8 25. b3 e5 26. Qa5 Rhe8 27. c4 Qg2 28. Bxf4 exf4 29. Qd2 Rxe4 30. fxe4 Qxe4+ 31. Kb2 g5 32. a4 g4 33. a5 Nc8 34. a6 b6 35. Kc3 g3 36. fxg3 Qe3+ 37. Qxe3 fxe3 38. Kd3 Re8 39. Ke2 Nd6 40. Rf1 Kb8 41. Rf6 Kc7 42. c5 bxc5 43. dxc5 Nb5 44. Rxf7+ Kd8 45. Rf4 Nc3+ 46. Ke1 e2 47. Rf6 Kd7 48. Rd6+ Kc7 49. Rd3 Nd5 50. Rd4 Re3 51. g4 h4 52. g5 h3 53. Rh4 Nc3 54. g6 Rg3 55. Rh7+ Kd8 56. Kd2 Rg1 57. Rh8+ Ke7 58. Rh7+ Kf6 59. Rxh3 e1Q+ 60. Kc2 Rg2+ 61. Kd3 Qd2+ 62. Kc4 Rg4# 0-1

[Event "Titled Tuesday intern op 14th Jan Early"]
[Site "Chess.com INT"]
[Date "2025.01.14"]
[Round "6"]
[White "Vinter Schou, Uffe"]
[Black "Grafl, Florian"]
[Result "0-1"]
[WhiteElo "2314"]
[BlackElo "2343"]
[PlyCount "84"]
[EventDate "2025.01.14"]
[EventType "swiss (blitz)"]
[EventRounds "11"]
[EventCountry "USA"]
[SourceTitle "CB04_2025"]
[SourceDate "2025.01.22"]
[SourceVersion "1"]
[SourceVersionDate "2025.01.22"]
[SourceQuality "1"]

1. c4 b6 2. g3 Bb7 3. Nf3 Bxf3 4. exf3 c5 5. Bg2 Nc6 6. 0-0 g6 7. f4 Bg7 8. Nc3 e6 9. d3 Nge7 10. Qd2 0-0 11. b3 Rb8 12. Bb2 Nd4 13. Rfe1 d5 14. cxd5 Nxd5 15. Nxd5 exd5 16. Re3 Nf5 17. Re5 Bxe5 18. Bxe5 Rc8 19. g4 f6 20. Bb2 Nh4 21. Bh1 Qd7 22. h3 h5 23. f5 Kg7 24. Re1 Rce8 25. g5 Qxf5 26. Bxf6+ Kh7 27. f4 Qxh3 28. Rxe8 Rxe8 29. Be5 d4 30. Be4 Nf3+ 31. Bxf3 Qxf3 32. Kh2 h4 33. Qg2 Qxg2+ 34. Kxg2 a5 35. Kh3 a4 36. Kxh4 axb3 37. axb3 Ra8 38. f5 Ra3 39. f6 Kg8 40. b4 Rxd3 41. Kg4 c4 42. Kf4 c3 0-1

[Event "DEN-chT 2425 62nd"]
[Site "Denmark"]
[Date "2024.12.08"]
[Round "4.5"]
[White "Thuesen, Mogens Henrik"]
[Black "Vinter Schou, Uffe"]
[Result "1/2-1/2"]
[WhiteElo "2174"]
[BlackElo "2289"]
[PlyCount "91"]
[EventDate "2024.11.02"]
[EventType "team-tourn"]
[EventRounds "9"]
[EventCountry "DEN"]
[SourceTitle "CB16_2025"]
[SourceDate "2025.04.16"]
[SourceVersion "1"]
[SourceVersionDate "2025.04.16"]
[SourceQuality "1"]
[WhiteTeam "Bronshoj"]
[BlackTeam "Aarhus/Skolerne"]
[WhiteTeamCountry "DEN"]
[BlackTeamCountry "DEN"]

1. e4 c5 2. Nf3 e6 3. d4 cxd4 4. Nxd4 a6 5. Nc3 Qc7 6. a3 Nf6 7. g3 Nc6 8. Bg2 Nxd4 9. Qxd4 Bc5 10. Qd3 d6 11. 0-0 0-0 12. Bf4 Rd8 13. Rad1 Ne8 14. e5 d5 15. Ne4 Be7 16. Ng5 g6 17. Rfe1 Ng7 18. g4 h5 19. Bf3 Bd7 20. gxh5 Bb5 21. c4 Qxc4 22. Qxc4 Bxc4 23. hxg6 fxg6 24. Bg4 d4 25. Ne4 Nf5 26. Bxf5 gxf5 27. Nd6 Bxd6 28. exd6 d3 29. b3 Bxb3 30. Rxd3 Bd5 31. h4 Rac8 32. Rg3+ Kf7 33. Be5 Rg8 34. Kh2 Rxg3 35. Kxg3 Rg8+ 36. Kh3 Bg2+ 37. Kh2 Bc6 38. Rg1 Rxg1 39. Kxg1 Kg6 40. Kh2 b5 41. Kg3 a5 42. Bc3 b4 43. axb4 axb4 44. Bxb4 e5 45. Bc3 f4+ 46. Kh2 1/2-1/2

[Event "Wch Seniors 50 32nd"]
[Site "Porto Santo"]
[Date "2024.11.27"]
[Round "10"]
[White "Vinter Schou, Uffe"]
[Black "Prasad, Devaki V"]
[Result "1-0"]
[WhiteElo "2317"]
[BlackElo "2185"]
[PlyCount "73"]
[EventDate "2024.11.17"]
[EventType "swiss"]
[EventRounds "11"]
[EventCountry "POR"]
[SourceTitle "CB49_2024"]
[SourceDate "2024.12.04"]
[SourceVersion "1"]
[SourceVersionDate "2024.12.04"]
[SourceQuality "1"]

1. e4 e6 2. d4 d5 3. Nc3 Nf6 4. e5 Nfd7 5. Nce2 c5 6. c3 cxd4 7. cxd4 f6 8. exf6 Nxf6 9. Nf3 Nc6 10. g3 Bd6 11. Bg2 0-0 12. 0-0 Bd7 13. Bf4 Bxf4 14. Nxf4 Qb6 15. b3 Rae8 16. h4 Ne4 17. Re1 Re7 18. Re3 Qc7 19. Nd3 Be8 20. Rc1 Qa5 21. Rc2 Bh5 22. Nf4 Bg4 23. Qa1 Qb6 24. Rc1 Bxf3 25. Bxf3 Nd6 26. Bg4 Nxd4 27. Nxd5 exd5 28. Rxe7 Rxf2 29. Kh1 Ne4 30. Rc8+ Rf8 31. Rcc7 Nxg3+ 32. Kg2 Rf2+ 33. Kxg3 Qd6+ 34. Kxf2 Qf4+ 35. Ke1 Qg3+ 36. Kd2 Qf4+ 37. Kd3 1-0

[Event "Wch Seniors 50 32nd"]
[Site "Porto Santo"]
[Date "2024.11.26"]
[Round "9"]
[White "Bischoff, Klaus"]
[Black "Vinter Schou, Uffe"]
[Result "1-0"]
[WhiteElo "2445"]
[BlackElo "2317"]
[PlyCount "61"]
[EventDate "2024.11.17"]
[EventType "swiss"]
[EventRounds "11"]
[EventCountry "POR"]
[SourceTitle "CB49_2024"]
[SourceDate "2024.12.04"]
[SourceVersion "1"]
[SourceVersionDate "2024.12.04"]
[SourceQuality "1"]

1. d4 Nf6 2. c4 c5 3. d5 b5 4. cxb5 a6 5. bxa6 e6 6. Nc3 exd5 7. Nxd5 Be7 8. Nxe7 Qxe7 9. e3 0-0 10. Nf3 Nc6 11. Be2 Rxa6 12. 0-0 Rb6 13. b3 Bb7 14. Bb2 d5 15. Bxf6 gxf6 16. Qc2 Rc8 17. Rfc1 Ne5 18. Nh4 Ba6 19. Nf5 Qd7 20. Bxa6 Rxa6 21. Rd1 Kh8 22. f4 Ng6 23. Qd3 Rca8 24. Qxd5 Qe8 25. a4 Ra5 26. Qc4 Rb8 27. Qc3 Ra6 28. Rd5 Qe4 29. Rad1 Rg8 30. Ng3 Qe8 31. Rd6 1-0

[Event "Wch Seniors 50 32nd"]
[Site "Porto Santo"]
[Date "2024.11.19"]
[Round "3"]
[White "Mikhalevski, Victor"]
[Black "Vinter Schou, Uffe"]
[Result "1-0"]
[WhiteElo "2488"]
[BlackElo "2317"]
[PlyCount "85"]
[EventDate "2024.11.17"]
[EventType "swiss"]
[EventRounds "11"]
[EventCountry "POR"]
[SourceTitle "CB49_2024"]
[SourceDate "2024.12.04"]
[SourceVersion "1"]
[SourceVersionDate "2024.12.04"]
[SourceQuality "1"]

1. d4 Nf6 2. c4 c5 3. d5 b5 4. cxb5 a6 5. e3 axb5 6. Bxb5 Qa5+ 7. Nc3 Bb7 8. Bd2 Qb6 9. Bc4 e6 10. e4 Nxe4 11. Nf3 Nd6 12. b3 Be7 13. 0-0 0-0 14. Re1 Ba6 15. Bxa6 Nxa6 16. Ne5 Qb7 17. Bf4 Rad8 18. Qd2 Nf5 19. Nc4 Bf6 20. Be5 Bxe5 21. Nxe5 Nb4 22. d6 Nd4 23. Rac1 f6 24. Nc4 Ra8 25. Na4 Qb5 26. Re3 Nd5 27. Rg3 Qb4 28. Qd1 Rfc8 29. h4 Rc6 30. Kh2 f5 31. Ne5 Rxd6 32. Nxc5 Nf6 33. Rc4 Qb6 34. Nexd7 Nxd7 35. Rxd4 Rxd4 36. Qxd4 g6 37. Qxd7 Qxc5 38. Qxe6+ Kg7 39. Qd7+ Kh6 40. Qd2+ Kg7 41. Rd3 Qc7+ 42. g3 Ra7 43. a4 1-0

[Event "EU-ch Seniors 50"]
[Site "Lignano Sabbiadoro"]
[Date "2024.10.30"]
[Round "6"]
[White "Tsyn, Igor"]
[Black "Vinter Schou, Uffe"]
[Result "0-1"]
[WhiteElo "2025"]
[BlackElo "2318"]
[PlyCount "84"]
[EventDate "2024.10.25"]
[EventType "swiss"]
[EventRounds "9"]
[EventCountry "ITA"]
[SourceTitle "CB45_2024"]
[Source "ChessBase"]
[SourceDate "2024.11.06"]
[SourceVersion "1"]
[SourceVersionDate "2024.11.06"]
[SourceQuality "1"]

1. b3 c5 2. Bb2 b6 3. c4 Bb7 4. Nf3 e6 5. g3 Nf6 6. Bg2 Be7 7. 0-0 0-0 8. d4 d6 9. Nc3 cxd4 10. Nxd4 Bxg2 11. Kxg2 Qc8 12. e4 Qb7 13. Qe2 Nbd7 14. Rad1 a6 15. Rd2 Rac8 16. f3 Rfd8 17. Nc2 Bf8 18. Ne3 Ne5 19. Ncd1 b5 20. Nf2 Nfd7 21. Nd3 Nxc4 22. bxc4 bxc4 23. Nxc4 Rxc4 24. Ne5 Nxe5 25. Bxe5 Qc6 26. Bf4 h6 27. Rfd1 d5 28. exd5 exd5 29. Qe5 g5 30. Bxg5 Bg7 31. Qxg7+ Kxg7 32. Bxd8 Rc2 33. Ba5 Rc5 34. Bb4 Rb5 35. Ba3 Qc4 36. Bb2+ Kg6 37. Ba1 h5 38. Kh3 Ra5 39. Rd4 Qe2 40. R1d2 Qf1+ 41. Kh4 Qxa1 42. Rxd5 Qf6+ 0-1

[Event "EU-ch Seniors 50"]
[Site "Lignano Sabbiadoro"]
[Date "2024.10.29"]
[Round "5"]
[White "Vinter Schou, Uffe"]
[Black "Sielecki, Christof"]
[Result "1-0"]
[WhiteElo "2318"]
[BlackElo "2405"]
[PlyCount "35"]
[EventDate "2024.10.25"]
[EventType "swiss"]
[EventRounds "9"]
[EventCountry "ITA"]
[SourceTitle "CB45_2024"]
[Source "ChessBase"]
[SourceDate "2024.11.06"]
[SourceVersion "1"]
[SourceVersionDate "2024.11.06"]
[SourceQuality "1"]

1. e4 c5 2. Nf3 e6 3. c4 Nc6 4. d4 cxd4 5. Nxd4 Nf6 6. Nc3 Bb4 7. Nxc6 dxc6 8. Qxd8+ Kxd8 9. e5 Nd7 10. Bf4 Bxc3+ 11. bxc3 a5 12. 0-0-0 Kc7 13. h4 a4 14. Rh3 Ra5 15. Rg3 g6 16. Bg5 Nxe5 17. Bf6 Re8 18. Rg5 1-0

[Event "EU-ch Seniors 50"]
[Site "Lignano Sabbiadoro"]
[Date "2024.10.26"]
[Round "9"]
[White "Vinter Schou, Uffe"]
[Black "Cmiel, Thorsten"]
[Result "1/2-1/2"]
[WhiteElo "2318"]
[BlackElo "2108"]
[PlyCount "176"]
[EventDate "2024.10.25"]
[EventType "swiss"]
[EventRounds "9"]
[EventCountry "ITA"]
[SourceTitle "CB45_2024"]
[Source "ChessBase"]
[SourceDate "2024.11.06"]
[SourceVersion "1"]
[SourceVersionDate "2024.11.06"]
[SourceQuality "1"]

1. e4 c5 2. Nf3 g6 3. c3 d5 4. e5 Nc6 5. Bb5 Qb6 6. Na3 a6 7. Bxc6+ Qxc6 8. d3 Bg4 9. h3 Bxf3 10. Qxf3 Bg7 11. Bf4 e6 12. 0-0 Ne7 13. Rfe1 0-0 14. Bg5 Qc7 15. Bf6 Nc6 16. Re2 b5 17. Nc2 d4 18. cxd4 cxd4 19. Qf4 Bxf6 20. Qxf6 Rac8 21. Ne1 Qe7 22. Qf4 Rfd8 23. Rc1 Nb4 24. Rxc8 Rxc8 25. a3 Nd5 26. Qxd4 Rc1 27. Kh2 Qg5 28. g3 Qe7 29. Nf3 h6 30. h4 Kg7 31. Kg2 Qc7 32. Qe4 Rd1 33. Re1 Rxe1 34. Qxe1 Qc2 35. Qd2 Qc6 36. Kg1 Qc7 37. Kf1 Qc6 38. Ke2 Kh7 39. Nd4 Qc7 40. Nf3 Qc6 41. Ne1 Qc7 42. d4 Qb6 43. Kd3 b4 44. axb4 Qb5+ 45. Kc2 Nxb4+ 46. Kd1 Qa4+ 47. Ke2 Qb5+ 48. Ke3 Nd5+ 49. Kf3 Nb4 50. Kg2 a5 51. Qf4 Qb7+ 52. Kh2 Nd5 53. Qd2 Qb6 54. Nf3 Kg7 55. Kg2 Qb5 56. Nh2 Qb4 57. Nf3 Qb5 58. Kg1 Kh7 59. Qc2 Kg7 60. Ne1 Qb4 61. Nf3 Qb5 62. Qd2 Kh7 63. Ne1 Qb6 64. Ng2 Kg7 65. Ne3 Nxe3 66. fxe3 Qb3 67. Kf2 a4 68. Ke2 Qb5+ 69. Kf2 h5 70. e4 Qc4 71. Kg2 Kg8 72. Kh2 Kf8 73. Kg2 Kg8 74. Kf2 Kf8 75. Ke3 Qb3+ 76. Kf4 Qc4 77. Ke3 Qb3+ 78. Kf2 Qc4 79. Kg1 Ke7 80. Kh2 Ke8 81. Qf2 Qa2 82. Qc2 Kf8 83. Qc5+ Kg7 84. Qb4 Qb1 85. d5 Qc2+ 86. Kg1 exd5 87. exd5 Qd1+ 88. Kf2 Qxd5 1/2-1/2

[Event "EU-ch Seniors 50"]
[Site "Lignano Sabbiadoro"]
[Date "2024.10.26"]
[Round "2"]
[White "Vinter Schou, Uffe"]
[Black "Ernst, Michael"]
[Result "1-0"]
[WhiteElo "2318"]
[BlackElo "2068"]
[PlyCount "77"]
[EventDate "2024.10.25"]
[EventType "swiss"]
[EventRounds "9"]
[EventCountry "ITA"]
[SourceTitle "CB45_2024"]
[Source "ChessBase"]
[SourceDate "2024.11.06"]
[SourceVersion "1"]
[SourceVersionDate "2024.11.06"]
[SourceQuality "1"]

1. e4 e6 2. d4 d5 3. Nd2 dxe4 4. Nxe4 Be7 5. Nf3 Nf6 6. Bd3 Nbd7 7. Nxf6+ Bxf6 8. Qe2 0-0 9. 0-0 c5 10. c3 cxd4 11. cxd4 Nb6 12. Qe4 g6 13. Bh6 Re8 14. Rfd1 Nd5 15. h4 Bd7 16. h5 Bg7 17. Bxg7 Kxg7 18. Ne5 f5 19. Qf3 Bc6 20. Rac1 Rc8 21. Qg3 g5 22. h6+ Kg8 23. Rc5 Nf4 24. Bf1 Qf6 25. Rdc1 Qxh6 26. Nxc6 Rxc6 27. Rxc6 bxc6 28. Rxc6 Qg7 29. Qe3 Nd5 30. Qd2 h6 31. Bc4 Qd7 32. Rc5 Rd8 33. Qe2 Nf4 34. Qe5 Qxd4 35. Bxe6+ Nxe6 36. Qxe6+ Kh8 37. Qxh6+ Kg8 38. Qxg5+ Kh8 39. Rxf5 1-0

[Event "Aalborg Larsen Gp1"]
[Site "Aalborg"]
[Date "2024.10.16"]
[Round "3"]
[White "Jacobsen, Mikkel Manosri"]
[Black "Vinter Schou, Uffe"]
[Result "1-0"]
[WhiteElo "2322"]
[BlackElo "2318"]
[PlyCount "57"]
[EventDate "2024.10.14"]
[EventType "swiss"]
[EventRounds "5"]
[EventCountry "DEN"]
[SourceTitle "CB43_2024"]
[Source "Chessbase"]
[SourceDate "2024.10.23"]
[SourceVersion "1"]
[SourceVersionDate "2024.10.23"]
[SourceQuality "1"]

1. c4 e5 2. g3 c6 3. Nf3 e4 4. Nd4 d5 5. cxd5 Qxd5 6. Nc2 Nf6 7. Nc3 Qh5 8. Ne3 Bc5 9. Qc2 Bxe3 10. fxe3 Bf5 11. Bg2 Qg6 12. 0-0 0-0 13. b4 Nbd7 14. Rf4 Rfe8 15. Bb2 Nh5 16. Rxf5 Qxf5 17. Bxe4 Qg5 18. Bxh7+ Kh8 19. Ne4 Qe7 20. Rf1 Nf8 21. Bf5 Kg8 22. g4 Nf6 23. Bxf6 gxf6 24. Qc3 Kg7 25. g5 Qe5 26. gxf6+ Kg8 27. d4 Qd5 28. Qe1 Ng6 29. Bxg6 1-0

[Event "Skanderborg Smuk"]
[Site "Skanderborg"]
[Date "2024.08.21"]
[Round "5"]
[White "Kanov, Nikola"]
[Black "Vinter Schou, Uffe"]
[Result "1-0"]
[WhiteElo "2414"]
[BlackElo "2340"]
[PlyCount "81"]
[EventDate "2024.08.17"]
[EventType "tourn"]
[EventRounds "9"]
[EventCountry "DEN"]
[EventCategory "8"]
[SourceTitle "CBM 221 Extra"]
[Source "ChessBase"]
[SourceDate "2024.09.30"]
[SourceVersion "1"]
[SourceVersionDate "2024.09.30"]
[SourceQuality "1"]

1. e4 c5 2. Nf3 e6 3. d4 cxd4 4. Nxd4 a6 5. Bd3 Bc5 6. Nb3 Ba7 7. Qe2 Nc6 8. Be3 Nge7 9. Nc3 d6 10. 0-0-0 b5 11. h4 b4 12. Na4 Qc7 13. h5 Ne5 14. Bxa7 Rxa7 15. f4 Nxd3+ 16. Qxd3 Bd7 17. e5 dxe5 18. Nac5 Bb5 19. Qh3 exf4 20. h6 g5 21. Qh5 Ng6 22. Qxg5 Qe7 23. Qh5 0-0 24. Rhe1 Rc7 25. Ne4 Rd8 26. Rxd8+ Qxd8 27. Rd1 Qe7 28. Nd4 Bc4 29. Nf3 b3 30. axb3 Bxb3 31. Rd2 Bd5 32. Rxd5 exd5 33. Qxd5 Rc8 34. Qd4 f5 35. Nf6+ Kf8 36. Nd5 Qd7 37. Qf6+ Qf7 38. Qd6+ Ne7 39. Nb6 Rc6 40. Qd8+ Qe8 41. Nd7+ 1-0

[Event "Copenhagen CC GM"]
[Site "Ballerup"]
[Date "2024.08.09"]
[Round "5"]
[White "Vinter Schou, Uffe"]
[Black "Hector, Jonny"]
[Result "0-1"]
[WhiteElo "2340"]
[BlackElo "2438"]
[PlyCount "70"]
[EventDate "2024.08.07"]
[EventType "tourn"]
[EventRounds "9"]
[EventCountry "DEN"]
[EventCategory "6"]
[SourceTitle "CBM 221 Extra"]
[Source "ChessBase"]
[SourceDate "2024.09.30"]
[SourceVersion "1"]
[SourceVersionDate "2024.09.30"]
[SourceQuality "1"]

1. c4 e5 2. Nc3 Bb4 3. Nd5 a5 4. Nf3 e4 5. Nd4 Ne7 6. Qc2 0-0 7. Nxb4 axb4 8. Qxe4 d5 9. cxd5 Nxd5 10. e3 Re8 11. Qc2 Nf4 12. Nf3 b6 13. b3 Ra5 14. d4 c5 15. Bb2 cxd4 16. Bxd4 Bb7 17. Qb2 Ne6 18. 0-0-0 Nd7 19. Kb1 Qa8 20. Bc4 Ndc5 21. Ne5 Ne4 22. f3 Nxd4 23. Bxf7+ Kf8 24. fxe4 Rexe5 25. Bd5 Raxd5 26. exd5 Nb5 27. Rhf1+ Kg8 28. Qxe5 Nc3+ 29. Kc2 Qxa2+ 30. Kd3 Ba6+ 31. Kd4 Nb5+ 32. Ke4 Qxg2+ 33. Kf4 Qxh2+ 34. Kf5 Bc8+ 35. Ke4 Nd6+ 0-1

[Event "Titled Tuesday intern op 11th Jun Late"]
[Site "Chess.com INT"]
[Date "2024.06.11"]
[Round "5"]
[White "Hernando Rodrigo, Julio Antonio"]
[Black "Vinter Schou, Uffe"]
[Result "0-1"]
[WhiteElo "2233"]
[BlackElo "2341"]
[PlyCount "66"]
[EventDate "2024.06.11"]
[EventType "swiss (blitz)"]
[EventRounds "11"]
[EventCountry "USA"]
[SourceTitle "EXT 2025"]
[Source "ChessBase"]
[SourceDate "2024.10.14"]
[SourceVersion "1"]
[SourceVersionDate "2024.10.14"]
[SourceQuality "1"]

1. d4 Nf6 2. c4 c5 3. d5 g6 4. Nc3 Bg7 5. e4 d6 6. Nf3 0-0 7. Be2 e6 8. 0-0 exd5 9. cxd5 a6 10. a4 Bg4 11. Bf4 Qe7 12. Nd2 Bxe2 13. Qxe2 Nbd7 14. Nc4 Ne8 15. Rfe1 Ne5 16. Bxe5 Bxe5 17. a5 Nc7 18. g3 Bd4 19. Kg2 Rae8 20. f4 f6 21. Ra3 Nb5 22. Rb3 Qd7 23. Nxb5 axb5 24. Nb6 Qf7 25. Qxb5 f5 26. e5 dxe5 27. fxe5 Rxe5 28. Rxe5 Bxe5 29. Re3 Bd4 30. Re6 f4 31. Qd7 Qf5 32. Qe7 f3+ 33. Kh1 f2 0-1

[Event "Titled Tuesday intern op 11th Jun Late"]
[Site "Chess.com INT"]
[Date "2024.06.11"]
[Round "1"]
[White "Vinter Schou, Uffe"]
[Black "Badacsonyi, Stanley Ethan Artie"]
[Result "0-1"]
[WhiteElo "2341"]
[BlackElo "2132"]
[PlyCount "112"]
[EventDate "2024.06.11"]
[EventType "swiss (blitz)"]
[EventRounds "11"]
[EventCountry "USA"]
[SourceTitle "EXT 2025"]
[Source "ChessBase"]
[SourceDate "2024.10.14"]
[SourceVersion "1"]
[SourceVersionDate "2024.10.14"]
[SourceQuality "1"]

1. d4 Nf6 2. Nf3 g6 3. g3 Bg7 4. Bg2 d6 5. 0-0 0-0 6. c4 c5 7. Nc3 Nc6 8. dxc5 dxc5 9. Bf4 Nh5 10. Be3 Be6 11. Qa4 Nd4 12. Rfd1 Bd7 13. Qa3 Nc2 14. Qxc5 b6 15. Qd5 Nf6 16. Qd2 Nxa1 17. Ne5 Rc8 18. Qc1 Qe8 19. Qxa1 Be6 20. b3 Ng4 21. Nxg4 Bxg4 22. Qc1 Rd8 23. Nd5 e6 24. Nf4 Rxd1+ 25. Qxd1 e5 26. Nd5 Be6 27. Qd2 Qd8 28. h4 f6 29. h5 gxh5 30. Bh6 Bf7 31. Be4 f5 32. Bf3 e4 33. Bg2 Bxd5 34. cxd5 Qd6 35. Bf4 Qd7 36. d6 Rd8 37. Bh3 Bf8 38. Qd5+ Qf7 39. Qc6 Qe6 40. Qb5 Bxd6 41. Bxf5 Qf7 42. Bxd6 Rxd6 43. Bxe4 h4 44. Bf3 hxg3 45. fxg3 Rd8 46. Kf2 Qg7 47. Kg2 Qd4 48. Qg5+ Kf8 49. Qf5+ Kg7 50. Qg5+ Kh8 51. Qf5 Qg7 52. Be4 Rg8 53. Qf4 Rf8 54. Qe3 Qe5 55. Qd3 Qc5 56. Bf3 Qe5 0-1